000 00501cam a2200205ua 4500
001 6924
008 141209n ii |||gr||||Z||||||asm
040 _cMAIN
041 _aasm
082 _a350
100 _aDas, MN,
_eAuthor.,
245 _aLok prakhashan
_cby MN Das
250 _a1st ed.
260 _aJorhat:
_bBidya Bhawan,
_c2013.
300 _a404p.
653 _aPublic administration & military science
653 _aPolitical Science
700 _aGohain, Nabin,
_eAuthor.
942 _cBK
999 _c6070
_d6070